| 000 | 01029nam0a22002531 4500 | ||
|---|---|---|---|
| 001 | rc\3198872 | ||
| 005 | 20120628151610.9 | ||
| 021 |
_aRU _b76-94866 |
||
| 035 | _a(NLR Aleph) 007344507 | ||
| 090 |
_a6144060 _c6144060 |
||
| 100 | _a20120628d1976 |||y0rusy50 ca | ||
| 101 | 0 | _arus | |
| 102 | _aRU | ||
| 105 | _aa z ||||| | ||
| 200 | 1 |
_aМетоды оптимального планирования и управления в городском хозяйстве _e[Сборник статей] _f[Отв. ред. к. т. н. А.П. Артынов] _gАН СССР. Дальневост. науч. центр. Ин-т автоматики и процессов упр. _iПассажирский транспорт |
|
| 210 |
_aВладивосток _cБ. и. _d1976 |
||
| 215 |
_a196 с. _cсхем. _d21 |
||
| 320 | _aБиблиогр. в конце статей | ||
| 702 | 1 |
_aАртынов _bА. П. _4340 |
|
| 801 | 0 |
_aRU _bNLR _gpsbo |
|
| 801 | 1 |
_aRU _bELAR _2rusmarc |
|
| 852 |
_aNLR _j78-3/1118 |
||
| 942 | _cBOOK | ||
| 980 | _aNB | ||